Politologie als demokratiewissenschaft /

Gardado en:
Detalles Bibliográficos
Autor Principal: Saage, Richard
Formato: Texto
Etiquetas: Engadir etiqueta
Sen Etiquetas, Sexa o primeiro en etiquetar este rexistro!

MARC

LEADER 00000 a a2200000 04500
001 47948
003
040
100 |a Saage, Richard  
245 |a Politologie als demokratiewissenschaft /  |c Richard Saage  
773 |g número9, (2014), páginas 11-13  
999 |c 21433  |d 21433